000 00451nam a2200181Ia 4500
001 22633
005 20260414150844.0
008 260414t2000||||xx |||||||||||||| ||spa||
041 _aESP
082 _a621.3822
_bO57T
100 _aOppenheim, Alan V.
_eAUT
245 0 _aTratamiento de señales en tiempo discreto
_b
260 _c2000
300 _axxvi, 873 páginas :
_c25 cm.
650 _aTCA
654 _aCET
942 _cLIB
_dJUS
_fJUS
_2ddc
_n
999 _c22633
_d22633